000 00287nam a22001337a 4500
008 180904b xxu||||| |||| 00| 0 eng d
020 _a0534005624
041 _aeng
080 _a574
100 _a10
101 _aMJE
245 _aPlant Physiology
_cSalisbury, F.B
942 _2udc
_cBK
999 _c47516
_d47516